00473 2200169 4500001002100000005001500021035002000036008004100056041000700097082000900104090002000113100001800133245008000151260004300231650001500274650001400289INLIS00000000000061320230526012350 a0010-0521000613230526 g 0 dut  aid aNONE a1901-02 vee.1 E0 aWIRTZ, A.W.H.1 aveeartsenijkundige bladen voor nederlandsch-indie deel XIV. /cA.W.H. Wirtz aBatavia :bH. M. van dorp & Co.,c1902 4aVETERINARY 4aINDONESIA